000 00599nam a2200229 i 4500
001 C2-0145317
003 PPAK
005 20180727130714.0
008 980304s1990 enka|||| ||||| | eng d
020 _a0600570142
040 _aPPAK
_beng
_cPPAK
_erda
082 0 4 _a629.2212
_223
090 0 0 _a629.2212
_bDRE
_dR
245 0 0 _aDream cars
264 1 _aLondon :
_bHamlyn ,
_c1990
300 _a189 pages :
_bcolour illustrations ;
_c30 cm
336 _2rdacontent
_atext
337 _2rdamedia
_aunmediated
338 _2rdacarrier
_avolume
700 1 _aDron, Peter,
_eeditor
942 _ddc
_cB
999 _c45926
_d45926